Pohreb

Podrobná bibliografia
Hlavný autor: Jareš, Jaroslav, 1886-1967 (Autor)
Médium: Článok
Jazyk:slovenčina
Predmet:

MARC

LEADER 00000nab a22000001a 4500
001 vtls009001258
003 SK-MaSNL
005 20260303064918.0
008 070621d1929 xo |r|p|||| |000 b|slo
015 |a SNBRRBVU1918-1938 
038 |a SNKBUCL 
038 |a SNKBUVU 
040 |a SNKBUVU  |b slo  |c SNKBUCL  |e AACR2 
041 0 |a slo 
044 |a xo  |c SK 
080 |a 75.051:75.021.32  |2 1997 
080 |a 75.021.32  |2 1997 
100 1 |a Jareš, Jaroslav,  |d 1886-1967  |4 aut  |9 182977 
245 1 0 |a Pohreb  |c Jaroslav Jareš 
650 0 7 |a české maliarstvo  |2 MM  |9 3112 
650 0 7 |a olejomaľba  |2 MM  |9 30054 
655 7 |a reprodukcie výtvarných diel  |2 MM  |9 310790 
773 0 |t Živena  |g Roč. 19, č. 6 (1929), s. 139 
852 |a SNK  |b KIS3GCP 
910 |a snkrbvumm 
958 |a VY 
958 |a CZ 
999 |c 1749049  |d 1750979